000 00327nam a22001457a 4500
008 221216b ||||| |||| 00| 0 eng d
020 _a9781563638343
041 _aeng
080 _270 EDITION
_a159.9
082 _a159.9PDR
100 _a25
101 _aPSI
245 _aPHYSICIANS DESK REFERENCE
_cPDR
942 _2udc
_cBK
999 _c59191
_d59191